|
|
|
|
| LEADER |
00000cam a2200000 7i4500 |
| 001 |
0000088607 |
| 005 |
20160830093000.0 |
| 008 |
150528s2015 nyu eng |
| 020 |
|
|
|a 9781632410788
|
| 060 |
1 |
0 |
|a WD 210
|b C437 2015
|
| 090 |
0 |
0 |
|a WD 210
|b C437 2015
|
| 245 |
1 |
0 |
|a Challenging facts of childhood obesity
|c edited by Monica Slater
|
| 260 |
|
|
|a New York :
|b Hayle Medical ,
|c 2015
|
| 300 |
|
|
|a vii, 240 p. :
|b ill. ;
|c 23cm.
|
| 504 |
|
|
|a Includes bibliographical references
|
| 650 |
|
2 |
|a Obesity
|
| 650 |
2 |
2 |
|a Child
|
| 700 |
1 |
|
|a Slater, Monica ,
|e author
|
| 999 |
|
|
|a 1000166643
|b Book
|c OPEN SHELF (30 DAYS)
|e Medical Campus
|